| 000 | 00844nam a22002655i 4500 | ||
|---|---|---|---|
| 001 | 12187 | ||
| 003 | ES-MaACL | ||
| 005 | 20240229160509.0 | ||
| 007 | t| | ||
| 008 | 921216s1992 sp ||||0| spa j | ||
| 020 | _a84-87964-05-2 | ||
| 040 |
_aM-BN _bspa _cM-BN |
||
| 080 | _a820(73)-14"19"(082.2) | ||
| 245 | 0 | 3 |
_aLa lengua radical _b: antología de la poesía norteamericana contemporánea / _cEsteban Pujals Gesalí. |
| 260 |
_aMadrid : _bGramma, _cD.L. 1992. |
||
| 300 |
_a357 p : _b1 retr ; _c21 cm. |
||
| 490 | 1 |
_aGramma poesía ; _v1 |
|
| 500 | _aTextos en español e inglés. | ||
| 650 | 7 |
_aPoesías norteamericanas _2 _9155562 |
|
| 700 | 1 |
_aPujals Gesalí, Esteban ( _d1952-) _994323 |
|
| 830 | 0 |
_aGramma poesía ; _v1 _9179262 |
|
| 852 |
_aES-MaACL _jL-19398 _bR.121368 |
||
| 999 |
_c12187 _d12187 |
||